| 000 | 00485cam a2200193ua 4500 | ||
|---|---|---|---|
| 001 | 2370 | ||
| 005 | 20260515113459.0 | ||
| 008 | 110806n ii |||gr||||Z||||||asm | ||
| 040 | _cMAIN | ||
| 082 | _a327.11 | ||
| 100 | 1 | _aBorah, Kanak Chandra., | |
| 245 |
_aAntahrastriyo rajniti. _cBy Kanak Chandra Borah |
||
| 250 | _a1st. | ||
| 260 |
_aDibrugarh: _bBanalata.,988. |
||
| 300 |
_a155 p.: _c23 cm. |
||
| 653 | _aPolitical science. | ||
| 653 | _aAntahrastriyo rajniti. | ||
| 942 | _cBK | ||
| 999 |
_c2225 _d2225 |
||